| 000 | 00872nas a2200253 4500 | ||
|---|---|---|---|
| 001 | BR8300275 | ||
| 003 | BR-BrBNA | ||
| 005 | 20231205085406.0 | ||
| 007 | ta | ||
| 008 | 230509b bl.|||p| |||| 00| 00por d | ||
| 040 |
_aBR-BrBNA _bpor _cBiblioteca Nacional de Agricultura |
||
| 041 | _a(Pt) | ||
| 072 | _aH50; F25 | ||
| 100 | 1 | _aFelicio, J.C. | |
| 100 | 1 | _aLeite, N. | |
| 245 | 1 | _aMicronutrientes na forma de oxidos silicatados e chochamento em trigo de varzeas [Triticum aestivum] | |
| 246 | 1 | _aMicronutrients as silicated oxydes and sterile spikelets in wheat on holm soils [Triticum aestivum] | |
| 650 | _aTRIGO | ||
| 650 | _aCHOCHAMENTO | ||
| 650 | _aMICROELEMENTO | ||
| 773 | 0 |
_tPesquisa Agropecuaria Brasileira (Brazil) _xISSN 0100-204X _g(Oct 1982), v. 17(10) p. 1417-1421 _wBR8300275 |
|
| 909 |
_a202311 _bLúcia _c55 _dLúcia Elande |
||
| 942 |
_2AGRIS _n0 _cANA |
||
| 999 |
_c111160 _d111160 |
||